Ice Spice Quiz - Statistics

General Stats
  • This quiz has been taken 392 times
  • The average score is 4 of 10
Answer Stats
Hint Answer % Correct
Neighborhood She is From in NYC the Bronx
77%
Age 23
76%
Person She Collaborated with on the Song "boys a liar pt. 2" PinkPantheress
63%
Real Name Isis Naija Gaston
55%
Rap Style Drill
52%
Nationality American
50%
Sport She Played Volleyball
46%
Subject She Studied While in University Communications
9%
University She Briefly Attended State University of New York
8%
Her Fandom Nickname Spice Cabinets
5%
No matching quizzes found
Score Distribution
Percent of People with Each Score
Percentile by Number Answered
Your Score History
You have not taken this quiz